Xây dựng công thức dịch dinh dưỡng dành cho bệnh nhân biến chứng rò dưỡng trấp sau phẫu thuật : Luận văn thạc sĩ : Chuyên ngành: Công nghệ thực phẩm

محفوظ في:
التفاصيل البيبلوغرافية
المؤلف الرئيسي: Lương, Thị Ngọc Hà
التنسيق: Luận văn
اللغة:Undetermined
منشور في: Đại học Công nghiệp TP. Hồ Chí Minh 2022
الموضوعات:
الوصول للمادة أونلاين:https://opac.iuh.edu.vn/TraCuuTaiLieuSo2XemChiTiet.aspx?Id=115209
الوسوم: إضافة وسم
لا توجد وسوم, كن أول من يضع وسما على هذه التسجيلة!
Thư viện lưu trữ: Trung tâm Thư viện - Trường Đại học Công nghiệp TP. Hồ Chí Minh
LEADER 00825nam a2200169Ia 4500
001 UIH_02195
008 230809s9999 xx 000 0 und d
082 |a 664 
100 |a Lương, Thị Ngọc Hà 
245 0 |a Xây dựng công thức dịch dinh dưỡng dành cho bệnh nhân biến chứng rò dưỡng trấp sau phẫu thuật : Luận văn thạc sĩ : Chuyên ngành: Công nghệ thực phẩm 
245 0 |c Lương, Thị Ngọc Hà 
260 |b Đại học Công nghiệp TP. Hồ Chí Minh 
260 |c 2022 
650 |a Công nghệ thực phẩm; 
856 |u https://opac.iuh.edu.vn/TraCuuTaiLieuSo2XemChiTiet.aspx?Id=115209 
927 |a Luận văn 
980 |a Trung tâm Thư viện - Trường Đại học Công nghiệp TP. Hồ Chí Minh